Cities in Bulgaria - Sudden Death - Statistics

General Stats
  • This quiz has been taken 47 times
  • The average score is 15 of 30
Answers on the Grid
Answers color-coded by a green-red scale on the quiz's grid according to % correct below.
Khimki
Kardžali
Haisyn
Balashov
Pavlikeni
Stara Zagora
Pirot
Pleven
Burgas
Glogovac
Karnobat
Botevgrad
Belene
Kazanlak
Kosjerić
Sofia
Sliven
Pehčevo
Yambol
Silistra
Bosilegrad
Varna
Stamboliyski
Surgut
Taman'
Montana
Salihorsk
Dimovo
Ruse
Peštera
Krupanj
Goce Delčev
Žabari
Plovdiv
Elin Pelin
Mirhorod
Pazardžik
Yaremche
Dobrič
Lipeck
Magadan
Bugojno
Razgrad
Šumen
Pernik
Oryol
Blagoevgrad
Veliko Tarnovo
Vidin
Pančevo
 
Answer Stats
Answer % Correct
Sofia
91%
Burgas
74%
Plovdiv
74%
Varna
71%
Stara Zagora
65%
Pleven
62%
Kardžali
56%
Blagoevgrad
53%
Botevgrad
53%
Razgrad
53%
Silistra
53%
Pernik
50%
Ruse
50%
Sliven
50%
Veliko Tarnovo
50%
Yambol
50%
Pazardžik
47%
Dobrič
44%
Kazanlak
44%
Montana
44%
Šumen
44%
Vidin
44%
Dimovo
41%
Pavlikeni
41%
Karnobat
38%
Elin Pelin
35%
Goce Delčev
35%
Belene
32%
Peštera
32%
Stamboliyski
29%
No matching quizzes found
Score Distribution
Percent of People with Each Score
Percentile by Number Answered
Your Score History
You have not taken this quiz